000 00603cam a22002173a 4500
001 45514
003 PGUSA
005 20140828084043.0
008 140427s2014||||xxu|||||s|||||000 | eng d
040 _aPGUSA
_beng
042 _adc
245 1 0 _aSir Gawain and the Lady of Lys
_h[electronic resource] /
_cAnonymous
260 _bProject Gutenberg,
_c2014
506 _aPublic domain in the USA.
516 _aElectronic text
700 1 _aWilliams, Morris M.
700 1 _aWeston, Jessie L.
830 0 _aProject Gutenberg
_v45514
856 4 0 _uhttp://www.gutenberg.org/ebooks/45514
942 _cEB
999 _c274765
_d274765